|
|
|
|
| LEADER |
00000nas a2200000 a 4500 |
| 001 |
ssj0038537 |
| 003 |
WaSeSS |
| 005 |
20200512172242.0 |
| 006 |
m d |
| 007 |
cr n |
| 008 |
100321c19219999enkar ss b 0 0eng c |
| 010 |
|
|
|a 2010263272
|
| 015 |
|
|
|a GBB400763
|2 bnb
|
| 016 |
7 |
|
|a 014677139
|2 Uk
|
| 022 |
|
|
|a 1758-5309
|l 0003-5815
|y 0003-5815
|
| 035 |
|
|
|a (WaSeSS)ssj0038537
|
| 037 |
|
|
|b Cambridge University Press, The Edinburgh Building, Shaftesbury Road, Cambridge CB2 8RU UK
|
| 040 |
|
|
|a OCLCE
|b eng
|c OCLCE
|d TXA
|d OCLCQ
|d OCLCF
|d OCLCO
|d OCLCQ
|d VT2
|d OCLCO
|d NLE
|d UKMGB
|d CUS
|d U3W
|d WaSeSS
|
| 042 |
|
|
|a pcc
|a dlr
|
| 043 |
|
|
|a e-uk---
|
| 050 |
|
4 |
|a DA20
|b .S612
|
| 082 |
0 |
4 |
|a 930.1/05
|2 19
|
| 222 |
|
4 |
|a The antiquaries journal
|b (Online)
|
| 245 |
0 |
4 |
|a The antiquaries journal
|h [electronic resource].
|
| 260 |
|
|
|a London :
|b Published by Humphrey Milford, Oxford University Press, 1921-
|
| 310 |
|
|
|a Annual,
|b 1991-
|
| 321 |
|
|
|a Semiannual,
|b <1975>-1990
|
| 321 |
|
|
|a Quarterly,
|b Jan. 1921-
|
| 362 |
1 |
|
|a Began with: Vol. 1, no. 1 (Jan. 1921).
|
| 500 |
|
|
|a Imprint varies: Oxford University Press, 1921-1990; Society of Antiquaries of London, 1991-
|
| 504 |
|
|
|a Bibliography included in each number.
|
| 506 |
|
|
|a License restrictions may limit access.
|
| 538 |
|
|
|a Master and use copy. Digital master created according to Benchmark for Faithful Digital Reproductions of Monographs and Serials, Version 1. Digital Library Federation, December 2002.
|u http://purl.oclc.org/DLF/benchrepro0212
|5 MiAaHDL
|
| 550 |
|
|
|a Journal of the Society of Antiquaries of London.
|
| 555 |
|
|
|a General index: Vols 1-10. 1 v.; vols. 21-30, 1941-50. 1 v.; vols. 31-40, 1951-60. 1 v.; vols. 61-70, 1981-1990. 1 v.
|
| 583 |
1 |
|
|a digitized
|c 2010
|h HathiTrust Digital Library
|l committed to preserve
|2 pda
|5 MiAaHDL
|
| 588 |
|
|
|a Description based on: Vol. 1, no. 1 (Jan. 1921); title from PDF issue table of contents (HathiTrust site, viewed June 7, 2010).
|
| 588 |
|
|
|a Latest issue consulted: Vol. 89 (2009) (Cambridge journals, viewed June 7, 2010).
|
| 650 |
|
0 |
|a Archaeology
|v Periodicals.
|
| 650 |
|
7 |
|a Antiquities.
|2 fast
|0 (OCoLC)fst00810745
|
| 650 |
|
7 |
|a Archaeology.
|2 fast
|0 (OCoLC)fst00812938
|
| 651 |
|
0 |
|a Great Britain
|x Antiquities
|v Periodicals.
|
| 651 |
|
7 |
|a Great Britain.
|2 fast
|0 (OCoLC)fst01204623
|
| 655 |
|
0 |
|a Electronic journals.
|
| 710 |
2 |
|
|a Society of Antiquaries of London.
|
| 776 |
0 |
8 |
|i Print version:
|t Antiquaries journal
|x 0003-5815
|w (DLC) 22002302
|w (OCoLC)1481608
|
| 780 |
0 |
0 |
|a Society of Antiquaries of London.
|t Proceedings of the Society of Antiquaries of London
|x 2053-5996
|w (OCoLC)656524184
|
| 785 |
0 |
1 |
|a Society of Antiquaries of London. Library.
|t Bibliography of periodical literature
|w (OCoLC)988889697
|
| 856 |
4 |
0 |
|z Full text available from Research Library: 09/01/2009 to 1 year ago
|u https://search.proquest.com/publication/54070
|